Multicriteria decision making and election systems : Dissertation thesis
Salvato in:
| Autore principale: | |
|---|---|
| Altri autori: | |
| Natura: | Manoscritto Libro |
| Lingua: | inglese |
| Pubblicazione: |
Bratislava :
STU v Bratislave SvF,
2013
|
| Tags: |
Nessun Tag, puoi essere il primo ad aggiungerne!!
|
MARC
| LEADER | 00000ntm a22000003a 4500 | ||
|---|---|---|---|
| 001 | stu291134 | ||
| 005 | 20160721135659.7 | ||
| 008 | 140611s--------xo------------------eng-d | ||
| 040 | |a STU |b slo | ||
| 041 | 0 | |a eng | |
| 044 | |a xo | ||
| 100 | 1 | |a Bystrický, Róbert, |d 1968- |4 aut |X 1001 |7 A000001001 | |
| 245 | 1 | |a Multicriteria decision making and election systems : |b Dissertation thesis | |
| 260 | |a Bratislava : |b STU v Bratislave SvF, |c 2013 | ||
| 300 | |a 110 s | ||
| 700 | 1 | |a Mesiar, Radko, |d 1951- |4 ths |u V220 |U SvF Stavebná fakulta |T SvF Katedra matematiky a deskriptívnej geometrie |X 769 |U V220 |Y 23 |7 A000000769 | |
| 996 | |b 284V036636 |c V*3170/DP-1150 |l VVS |s P |a 0 |w stu291134_0001 | ||